Sports Quiz

Random Sports or Football Quiz
Score 0/90 Timer 10:00
0 Plays Today
Year Player % Correct
2004Derrek Lee
98.5%
2005Derrek Lee
98.5%
2006Derrek Lee
98.5%
2007Derrek Lee
98.5%
2008Derrek Lee
98.5%
2009Derrek Lee
98.5%
2003Aramis Ramirez
96.9%
2004Aramis Ramirez
96.9%
2005Aramis Ramirez
96.9%
2006Aramis Ramirez
96.9%
2007Aramis Ramirez
96.9%
2008Aramis Ramirez
96.9%
2009Aramis Ramirez
96.9%
2003Carlos Zambrano
95.7%
2006Carlos Zambrano
95.7%
2007Carlos Zambrano
95.7%
2008Geovany Soto
93.6%
2009Geovany Soto
93.6%
2007Alfonso Soriano
91.4%
2008Alfonso Soriano
91.4%
2009Alfonso Soriano
91.4%
2000Sammy Sosa
90.2%
2001Sammy Sosa
90.2%
2002Sammy Sosa
90.2%
2003Sammy Sosa
90.2%
2004Sammy Sosa
90.2%
2007Ryan Theriot
87.4%
2008Ryan Theriot
87.4%
2009Ryan Theriot
87.4%
2002Kerry Wood
84.6%
Year Player % Correct
2008Kosuke Fukudome
80.4%
2009Kosuke Fukudome
80.4%
2008Ryan Dempster
77.8%
2009Ryan Dempster
77.8%
2009Mike Fontenot
74.7%
2002Moises Alou
74%
2003Moises Alou
74%
2004Moises Alou
74%
2004Michael Barrett
73%
2005Michael Barrett
73%
2006Michael Barrett
73%
2007Michael Barrett
73%
2002Alex Gonzalez
70.3%
2003Alex Gonzalez
70.3%
2009Milton Bradley
69.8%
2000Mark Grace
68.4%
2002Corey Patterson
63.3%
2003Corey Patterson
63.3%
2004Corey Patterson
63.3%
2005Corey Patterson
63.3%
2007Mark DeRosa
59.9%
2008Mark DeRosa
59.9%
2004Greg Maddux
53.4%
2005Greg Maddux
53.4%
2006Jacque Jones
51.8%
2007Jacque Jones
51.8%
2004Todd Walker
47.3%
2005Todd Walker
47.3%
2006Todd Walker
47.3%
2000Jon Lieber
46.3%
Year Player % Correct
2001Jon Lieber
46.3%
2003Eric Karros
45.6%
2003Mark Grudzielanek
44.3%
2003Damian Miller
43.6%
2001Todd Hundley
42.5%
2006Juan Pierre
42.1%
2002Fred McGriff
38.2%
2000Joe Girardi
37.7%
2002Joe Girardi
37.7%
2005Jeromy Burnitz
35.9%
2000Henry Rodriguez
35.6%
2008Jim Edmonds
33.5%
2002Mark Bellhorn
32.7%
2006Matt Murton
32.7%
2006Ronny Cedeno
30.2%
2002Bill Mueller
26.4%
2000Eric Young
26%
2001Eric Young
26%
2005Todd Hollandsworth
23.4%
2005Neifi Perez
22.1%
2001Matt Stairs
22%
2007Cliff Floyd
18.6%
2000Ricky Gutierrez
18.5%
2001Ricky Gutierrez
18.5%
2001Rondell White
18.1%
2001Ron Coomer
15%
2004Ramon Martinez
14.8%
2000Damon Buford
14.4%
2001Gary Matthews
9.1%
2000Willie Greene
7.1%

You're not logged in!

Compare scores with friends on all Sporcle quizzes.
OR
Log In

Sporcle TV

Today on Sporcle TV


Watch our educational content, quiz creation guides, and fun videos on Sporcle TV.

Show Comments

Extras

Top Quizzes Today


Score Distribution

Paid Content

Your Account Isn't Verified!

In order to create a playlist on Sporcle, you need to verify the email address you used during registration. Go to your Sporcle Settings to finish the process.

Report this User

Report this user for behavior that violates our Community Guidelines.

Details: